[Event "Chinese Chess League 2019"]
[Site "Shen Yang"]
[Date "2019.11.21"]
[Round "16.21"]
[White "Dai, Changren"]
[Black "Yu, Yangyi"]
[Result "1/2-1/2"]
[WhiteElo "2509"]
[BlackElo "2753"]
[Annotator "TA"]
[PlyCount "67"]
[EventDate "2019.04.09"]
[EventType "team-tourn"]
[EventCountry "CHN"]
[SourceTitle "playchess.com"]
[Source "ChessBase"]
[SourceQuality "1"]

{[%evp 14,67,32,26,48,9,13,17,27,12,8,0,0,0,19,-18,-35,-32,0,-49,-38,-43,-37,-33,-44,-47,-41,-50,-35,-25,-14,-13,-9,-8,-8,-8,-5,-5,-7,-8,-8,-10,-6,-8,-7,-14,-11,-18,-10,-18,0,0,0,0,0,0]} 1. e4 c5 2. Nf3 Nc6 3. d4 cxd4 4. Nxd4 e6 5. Nc3 Qc7 6. Be3 a6 7. a3 b5 8. Nxc6 Qxc6 {B48: Sicilian: Taimanov: 5 Nc3 Qc7 6 Be3 a6 without Be2} (8... dxc6 9. Qg4 Nf6 10. Qg3 Qxg3 11. hxg3 e5 12. f3 Be6 13. a4 Rc8 14. axb5 axb5 15. g4 Nd7 16. g5 {1-0 (49) Grischuk,A (2772)-Harikrishna,P (2744) Huaian 2017}) 9. Qd4 Bb7 10. Be2 Rc8 11. O-O-O Nf6 12. e5 Nd5 {And now ...Bxa3! would win.} 13. Bf3 Bxa3 {[%cal Rc6c3] [#] Threatens to win with ...Qxc3.} 14. Bxd5 (14. Rd3 {looks sharper.} b4 15. Bxd5 exd5 16. bxa3 bxc3 17. Qb4) 14... exd5 15. Kb1 $146 {[%cal Rd4d5]} ({Predecessor:} 15. bxa3 Qxc3 16. Qxc3 Rxc3 {½-½ (35) Mueller,T-Ugge,A corr 1986}) 15... O-O 16. Rd2 {[%cal Rc3d5]} Bc5 17. Qxc5 Qxc5 18. Bxc5 Rxc5 19. Rd4 Re8 20. f4 $1 Kf8 21. Rhd1 {[%cal Rc3d5]} Rc4 22. g3 {The position is equal.} Rxd4 23. Rxd4 $11 {[%mdl 4096] Endgame KRB-KRN} d6 24. exd6 Rd8 25. b4 Bc6 26. Rd2 Rxd6 27. Ne4 Rd8 28. Nc5 Ra8 29. Nb3 Ke7 30. c3 Kd6 31. Ra2 g6 32. Kc2 Bb7 33. Kd3 Re8 34. Re2 {Accuracy: White = 72%, Black = 68%.} 1/2-1/2

[Event "Chinese Chess League 2019"]
[Site "Shen Yang"]
[Date "2019.11.21"]
[Round "16.22"]
[White "Wang, Yue"]
[Black "Li, Chao b"]
[Result "1/2-1/2"]
[WhiteElo "2677"]
[BlackElo "2687"]
[Annotator "TA"]
[PlyCount "62"]
[EventDate "2019.04.09"]
[EventType "team-tourn"]
[EventCountry "CHN"]
[SourceTitle "playchess.com"]
[Source "ChessBase"]
[SourceQuality "1"]

{[%evp 9,62,0,14,15,24,10,27,16,12,23,31,8,17,1,2,0,0,0,0,-4,9,0,0,0,0,0,0,0,0,0,0,0,0,0,0,0,0,0,0,-8,0,0,0,0,0,0,0,0,3,0,0,0,0,0,0]} 1. d4 Nf6 2. c4 g6 3. Nc3 d5 4. Nf3 Bg7 5. h4 (5. h3 dxc4 6. e4 c5 7. d5 O-O 8. Bxc4 b5 9. Nxb5 Nxe4 10. O-O Ba6 11. Qe2 Nd6 12. Nxd6 Qxd6 {0-1 (94) Meier,G (2628)-Vachier Lagrave,M (2773) Karlsruhe/Baden Baden 2019}) 5... c6 6. cxd5 {D90: Grünfeld: 4 Nf3 Bg7 sidelines} cxd5 7. Bf4 Nc6 8. e3 {White has an edge.} O-O 9. Qb3 a6 10. Be2 Na5 $146 {The position is equal.} ({Predecessor:} 10... b5 11. Ne5 Bb7 12. h5 Qa5 13. hxg6 hxg6 {½-½ (74) Gurevich,D (2483)-Liang,A (2572) chess.com INT 2018}) 11. Qd1 Bg4 12. O-O Rc8 13. Ne5 Bxe2 14. Qxe2 Nc4 15. Nxc4 Rxc4 16. Rac1 Nh5 17. Bh2 e6 18. g4 Nf6 19. g5 Nh5 20. b3 Rc6 21. Na4 Qd7 22. Rxc6 Qxc6 23. Nb2 Rc8 24. Nd3 Qb5 (24... Qd7 {looks sharper.} 25. Rc1 Rxc1+ 26. Nxc1 h6 27. Nd3 Qd8) 25. Rc1 Rxc1+ 26. Nxc1 Qxe2 27. Nxe2 $11 {KBN-KBN} Bf8 28. Kg2 Ba3 29. Be5 Kf8 30. Ng3 Nxg3 31. Kxg3 Ke7 {Accuracy: White = 73%, Black = 82%.} 1/2-1/2

[Event "Chinese Chess League 2019"]
[Site "Shen Yang"]
[Date "2019.11.21"]
[Round "16.23"]
[White "Malakhov, Vladimir"]
[Black "Wang, Yiye"]
[Result "1/2-1/2"]
[WhiteElo "2665"]
[BlackElo "2439"]
[Annotator "TA"]
[PlyCount "155"]
[EventDate "2019.04.09"]
[EventType "team-tourn"]
[EventCountry "CHN"]
[SourceTitle "playchess.com"]
[Source "ChessBase"]
[SourceQuality "1"]

{[%evp 9,155,9,8,0,11,0,0,0,0,0,2,0,2,7,15,4,23,17,26,11,6,13,17,17,14,6,33,37,35,16,43,30,31,29,56,24,69,37,65,66,62,46,50,47,50,50,44,44,54,51,59,44,50,43,57,47,70,47,60,51,58,40,39,34,103,95,146,79,79,70,163,167,168,162,166,166,163,157,183,185,216,215,210,186,204,227,243,219,533,506,1454,1380,1429,1416,1415,1356,1224,1127,1161,1058,5073,5073,5073,5073,5073,5065,2875,0,0,0,0,0,0,0,0,0,0,0,5,23,23,0,0,0,0,0,0,0,0,0,0,0,0,0,0,0,0,0,0,0,0,0,0,0,0,0,0,0]} 1. Nf3 Nf6 2. c4 e6 3. Nc3 d5 4. e3 a6 (4... b6 5. Qa4+ c6 6. Be2 Bd6 7. d3 O-O 8. e4 dxe4 9. dxe4 Qc7 10. c5 bxc5 11. O-O Nbd7 12. g3 Ne5 {0-1 (34) Firouzja,A (2702)-Ding,L (2811) Khanty-Mansiysk 2019}) 5. b3 b6 6. Bb2 {A17: English Opening: 1...Nf6 with ...Bb4} Bb7 7. cxd5 exd5 8. d4 Bd6 9. g3 Nbd7 10. Bg2 O-O 11. O-O Re8 12. Rc1 Rc8 13. Re1 $146 ({Predecessor:} 13. Rc2 Nf8 {1-0 (55) Vaganian,R (2639)-Buhmann,R (2532) Germany 2004}) 13... Ne4 14. Re2 Qe7 15. Rec2 Ndf6 16. Ne5 Nxc3 17. Rxc3 c5 18. Nd3 Ne4 19. R3c2 Qe6 20. dxc5 bxc5 21. Qh5 g6 22. Qd1 (22. Qh6 {with more complications.} Bf8 23. Qh4 Be7 24. Nf4 Qd6 25. Qg4) 22... f6 23. Ba1 c4 24. Nf4 Bxf4 25. gxf4 cxb3 26. axb3 Rxc2 27. Rxc2 Rc8 28. Rxc8+ Bxc8 29. Qd4 Kf7 30. Bf3 Bd7 31. Bb2 Bb5 32. Bg2 Qc6 33. h4 Qe6 34. Kh2 Kg7 35. f3 Nd6 36. Qb6 {Ba3 is the strong threat.} Kf7 ({Black should play} 36... Bd7 $14) 37. Bh3 $36 {[%mdl 2048] Black is under strong pressure.} ({Resist} 37. Ba3 Nf5 $14) 37... f5 (37... Qe7 $142) 38. Qd4 ({White should try} 38. Ba3 Ne8 39. Qc5) 38... Ne8 39. h5 Nf6 (39... gxh5 $14 40. Qh8 Nf6 41. Bxf6 Qxf6 42. Qxh7+ {[%mdl 64] Double Attack} Kf8) 40. h6 $1 $18 Qc6 41. Bg2 Qd6 42. Kg1 Qe7 43. Bc3 Ke6 44. Qb6+ Kf7 {[#]} 45. Bxf6 $1 Qxf6 46. Qb7+ Qe7 47. Qxd5+ Kf8 48. Qe5 Qf7 $2 (48... Qxe5 49. fxe5 Kf7) 49. b4 Bc4 (49... Bc6 $142 50. Qd6+ Qe7 51. Qxc6 Qxe3+ 52. Kf1 Qxf4 53. Qf6+ Ke8 54. Qh8+ {[%mdl 64] Double Attack} Kf7 55. Qxh7+ Kf6) 50. Qc5+ Ke8 51. Qc8+ Ke7 52. Qc7+ Ke8 53. Qxf7+ Kxf7 54. Bf1 Bxf1 55. Kxf1 {[%mdl 4096] Endgame KP-KP} Kf6 {[#]} 56. e4 $1 {[%cal Re4e5]} g5 57. e5+ Kg6 58. fxg5 $2 (58. e6 $18 {Threatening mate with fxg5.} gxf4 59. Ke2) 58... Kxg5 $11 59. f4+ Kxh6 {K3P-K3P} 60. Ke2 Kg6 61. Ke3 Kf7 62. Kd4 Ke6 63. Kc4 Kd7 64. Kc5 Ke6 65. Kb6 h5 {The position is equal.} 66. Kxa6 {K3P-KPP} h4 67. b5 {b6 would kill now.} h3 $1 {[%cal Rh3h2]} 68. b6 h2 $1 {[%cal Rh2h1]} 69. b7 h1=Q {( -> ...Qc6+)} 70. b8=Q {Intending Qe8+ and mate. KQ-KQ} Qf1+ 71. Ka7 {Hoping for Qe8+.} Qa1+ 72. Kb7 {Strongly threatening Qe8+.} Qh1+ 73. Kc7 {White wants to mate with Qe8+.} Qc1+ {[%mdl 64] Double Attack} 74. Kb7 Qh1+ 75. Kb6 {White threatens Qe8+ and mate.} Qb1+ 76. Ka7 Qa1+ 77. Kb7 {Threatens to win with Qe8+.} Qh1+ 78. Ka7 {Accuracy: White = 65%, Black = 50%.} 1/2-1/2

[Event "Chinese Chess League 2019"]
[Site "Shen Yang"]
[Date "2019.11.21"]
[Round "16.24"]
[White "Song, Yuxin"]
[Black "Xiao, Yiyi"]
[Result "1-0"]
[WhiteElo "2284"]
[BlackElo "2316"]
[Annotator "ChessBase"]
[PlyCount "61"]
[EventDate "2019.04.09"]
[EventType "team-tourn"]
[EventCountry "CHN"]
[SourceTitle "playchess.com"]
[Source "ChessBase"]
[SourceQuality "1"]
[TimeControl "5400+30"]

1. e4 {[%emt 0:04:46]} e5 {[%emt 0:00:00]} 2. Nf3 {[%emt 0:00:00]} Nc6 {[%emt 0:00:00]} 3. Bb5 {[%emt 0:02:37]} Nge7 {[%emt 0:04:18]} 4. O-O {[%emt 0:02:12]} g6 {[%emt 0:02:18]} 5. d4 exd4 6. Nxd4 {[%emt 0:00:00]} Bg7 {[%emt 0:02:42]} 7. Nxc6 {[%emt 0:05:14]} bxc6 {[%emt 0:05:31]} 8. Ba4 {[%emt 0:00:36]} O-O {[%emt 0:00:29]} 9. Nc3 {[%emt 0:00:00]} Rb8 {[%emt 0:07:31]} 10. Qf3 {[%emt 0:00:00]} d6 {[%emt 0:05:22]} 11. Rb1 {[%emt 0:00:00]} h6 {[%emt 0:11:00]} 12. Be3 {[%emt 0:00:00]} f5 {[%emt 0:00:30]} 13. e5 {[%emt 0:00:13]} f4 {[%emt 0:28:49]} 14. Bxa7 {[%emt 0:27:39]} Rb4 {[%emt 0:00:30]} 15. a3 {[%emt 0:00:30]} Rxa4 {[%emt 0:00:30]} 16. Nxa4 {[%emt 0:00:30]} Bxe5 {[%emt 0:04:15]} 17. Rfe1 {[%emt 0:19:20]} Bf5 {[%emt 0:06:24]} 18. Qb3+ {[%emt 0:02:24]} Nd5 {[%emt 0:06:03]} 19. f3 {[%emt 0:10:15]} Kh7 {[%emt 0:03:07]} 20. Rbd1 {[%emt 0:09:04]} Qg5 {[%emt 0:03:15]} 21. c4 {[%emt 0:02:45]} Ne7 {[%emt 0:00:30]} 22. Be3 {[%emt 0:00:30]} fxe3 {[%emt 0:00:30]} 23. Qxe3 {[%emt 0:00:30]} Bc2 {[%emt 0:00:30]} 24. Qxg5 {[%emt 0:00:30]} hxg5 {[%emt 0:00:30]} 25. Rxe5 {[%emt 0:00:30]} dxe5 {[%emt 0:00:30]} 26. Rd7 {[%emt 0:00:30]} Kh6 {[%emt 0:00:30]} 27. Nc5 {[%emt 0:00:30]} g4 {[%emt 0:00:30]} 28. fxg4 {[%emt 0:00:30]} Rf4 {[%emt 0:00:30]} 29. g5+ {[%emt 0:00:30]} Kh5 {[%emt 0:00:30]} 30. Ne6 {[%emt 0:00:30]} Rxc4 {[%emt 0:00:30]} 31. h3 {[%emt 0:00:30]} 1-0

[Event "Chinese Chess League 2019"]
[Site "Shen Yang"]
[Date "2019.11.21"]
[Round "16.25"]
[White "Wang, Yu A."]
[Black "Munguntuul, Batkhuyag"]
[Result "1-0"]
[WhiteElo "2275"]
[BlackElo "2436"]
[Annotator "TA"]
[PlyCount "95"]
[EventDate "2019.04.09"]
[EventType "team-tourn"]
[EventCountry "CHN"]
[SourceTitle "playchess.com"]
[Source "ChessBase"]
[SourceQuality "1"]

{[%evp 19,95,-6,2,-1,0,-14,0,0,9,0,0,0,7,0,16,16,18,19,26,27,23,26,141,130,306,329,307,270,270,277,284,267,272,278,278,254,329,314,379,372,404,404,421,382,382,382,411,405,520,506,706,706,683,664,694,675,694,677,646,540,514,484,470,141,29975,5141,29988,29974,29974,29975,29972,29973,29970,6760,29977,29978,29979,29977]} 1. e4 c5 2. Nf3 e6 3. d4 cxd4 4. Nxd4 Nc6 5. Nc3 Qc7 6. Nxc6 bxc6 7. Bd3 Nf6 8. O-O Be7 9. Qe2 d5 10. Bd2 O-O 11. Rae1 {B40: Sicilian: 2...e6, Unusual lines} Bb7 $146 ({Predecessor:} 11... Re8 12. Kh1 Nd7 13. f4 Nc5 14. exd5 Nxd3 15. Qxd3 exd5 16. f5 Bd7 17. Bf4 Bd6 18. Bxd6 Qxd6 {½-½ (53) Khaetsky,R (2381)-Volotovsky,K (2214) Mukachevo 2018}) 12. f4 a5 13. Kh1 {The position is equal.} Nd7 14. Na4 Rfe8 15. c4 d4 16. e5 {And now f5 would win.} c5 17. f5 exf5 {Strongly threatening ...Bh4.} 18. e6 fxe6 $1 19. Qxe6+ {[%mdl 64] Double Attack} Kh8 20. Qxf5 {[%csl Gd3][%cal Rf5h7]} Nf6 {[#]} (20... g6 $11 {remains equal.} 21. Qf7 Ne5 {[%mdl 64] Double Attack}) 21. Bg5 $1 $40 {[%cal Rg5f6][%mdl 128] White has strong attack.} Qc6 $2 (21... Bd6 $16 {was necessary.}) 22. Qh3 $18 h6 {[#]} 23. Bxh6 $1 {[%mdl 512]} Qxg2+ (23... gxh6 24. Qxh6+) 24. Qxg2 Bxg2+ 25. Kxg2 gxh6 {[#]} 26. Rxe7 $1 {[%mdl 576] Remove Defender} Rxe7 27. Rxf6 Rg8+ 28. Kf2 Rg5 29. Rxh6+ Kg7 30. Rh7+ Kf6 31. Rxe7 Kxe7 32. h4 Re5 33. Nb6 Kd6 34. Nd5 Re8 35. h5 Rh8 36. Bg6 Ke5 37. b3 Rg8 38. Ke2 Rh8 39. Kd3 Rg8 40. Ne7 Ra8 41. h6 $2 (41. Ke2 $18 {and White stays clearly on top. aiming for Nc6+.} Kf4 42. Nd5+ Kg5 43. Nc7) 41... a4 $2 {[%mdl 8192]} (41... Rh8 $16) 42. h7 (42. Be4 $142 Re8 43. Ng6+ Kd6 44. bxa4 Kc7 45. h7 Kb6 46. h8=Q Rxh8 47. Nxh8) 42... axb3 43. axb3 Kf6 44. Be4 Rh8 45. Nd5+ Ke5 46. b4 cxb4 47. Nxb4 Kf6 48. Kxd4 {Accuracy: White = 68%, Black = 23%.} 1-0

[Event "Chinese Chess League 2019"]
[Site "Shen Yang"]
[Date "2019.11.21"]
[Round "16.26"]
[White "Ni, Hua"]
[Black "Xiang, Zeyu"]
[Result "1/2-1/2"]
[WhiteElo "2672"]
[BlackElo "2448"]
[Annotator "TA"]
[PlyCount "156"]
[EventDate "2019.04.09"]
[EventType "team-tourn"]
[EventCountry "CHN"]
[SourceTitle "playchess.com"]
[Source "ChessBase"]
[SourceQuality "1"]

{[%evp 18,156,18,14,28,14,14,14,3,18,23,17,18,12,25,23,19,22,35,29,38,42,40,33,26,13,28,34,37,0,0,-207,-73,-93,-76,-79,0,0,0,0,0,0,0,0,0,0,0,-19,0,0,0,0,0,0,0,0,17,0,0,0,5,8,8,9,6,0,0,0,1,0,0,0,0,0,0,0,0,0,0,0,0,0,0,0,0,0,0,-2,0,0,0,0,25,17,21,11,11,11,11,11,11,18,18,11,11,18,18,18,195,25,35,35,35,25,32,33,40,0,7,7,115,115,115,115,115,115,115,110,104,116,116,0,8,0,0,0,0,0,0,0,0]} 1. d4 d5 2. c4 e6 3. Nf3 Nf6 4. g3 Bb4+ 5. Bd2 Be7 6. Bg2 O-O 7. O-O c6 8. Qc2 b6 9. Bf4 Nbd7 10. Rd1 Ba6 {E08: Closed Catalan: Main Line: 7 Qc2} 11. cxd5 cxd5 12. Ne5 Rc8 (12... Nxe5 13. dxe5 Ng4 14. h3 g5 15. Bxg5 Nxe5 16. Bxe7 Qxe7 17. e4 dxe4 18. Qxe4 {½-½ (32) Yu,Y (2751)-Ding,L (2809) Shenzhen 2019}) 13. Nc6 Bb5 14. Nxe7+ Qxe7 15. Nc3 a5 16. Qd2 Ba6 17. Bf3 Rc6 $146 ({Predecessor:} 17... h6 18. h4 {½-½ (62) Tregubov,A (2318)-Churkina,N (2257) ICCF email 2014}) 18. g4 h6 19. h4 Ne8 20. g5 hxg5 21. hxg5 Nd6 22. Kg2 Nc4 23. Qc2 Rfc8 $1 24. g6 $2 (24. Rh1 $11 Nf8 25. e3) 24... Nf8 ({Resist} 24... Nxb2 25. Qxb2 Rxc3 26. Rac1 $15) (24... b5 $1 $19 {has better winning chances.} 25. Qb1 Nxb2 $1 {[%mdl 512]} 26. Nxd5 exd5 27. Qxb2 Rxg6+ 28. Bg3 Nf6) 25. gxf7+ $17 Qxf7 26. Bg3 Nxb2 (26... b5 $1 $17 {[%cal Rb5b4] White must now prevent ...b4.} 27. Qb1 Nxb2 {[%mdl 64] Discovered Attack, Remove Defender} 28. Qxb2 Rxc3) 27. Qxb2 $11 {Strongly threatening Nb5.} Rxc3 28. Qxb6 {[%mdl 64] Double Attack} Rxf3 29. Qxa6 Rfc3 30. Rd3 Qf5 31. Rxc3 Rxc3 32. e3 Qe4+ 33. Kg1 Qf3 34. Re1 Ra3 $1 35. Qe2 Qf5 36. Rc1 Ng6 37. Rc8+ Kh7 38. Rc7 Kh6 39. Qc2 Qxc2 40. Rxc2 {[%mdl 4096] Endgame KRB-KRN} Kg5 41. Bd6 Rd3 42. Rc7 Rd1+ 43. Kg2 Nh4+ 44. Kh3 {Be7+ is the strong threat.} Nf5 45. Bf4+ Kg6 46. Rc6 Kf7 47. Rc7+ Kg6 48. Rc6 Kf7 49. Rc2 Ra1 50. Kg4 Rg1+ 51. Kf3 g5 52. Be5 g4+ 53. Kf4 g3 54. fxg3 Nxg3 55. Rc7+ Ke8 56. Bf6 {Threatens to win with Ke5.} Nh5+ 57. Ke5 Nxf6 58. Kxf6 {KR-KR} Re1 59. Kxe6 {[%cal Rc7c8]} Rxe3+ 60. Kxd5 {aiming for a4.} Ra3 61. Ke6 {[%cal Rc7c8]} (61. Rc8+ {seems wilder.} Kd7 62. Rc2 a4 63. Rd2 Rg3 64. Kc5) 61... Kd8 $1 {[%cal Rd8c7]} 62. Rc2 {With the idea d5.} Rh3 $2 (62... a4 $11 {and Black is okay.}) 63. Kd6 $2 (63. a4 $1 $18) 63... Rh6+ 64. Kc5 {And now Kb5 would win.} Rh3 $1 65. Rg2 Rc3+ 66. Kd6 {[%cal Rg2g8]} Kc8 $1 67. d5 Ra3 68. Rh2 {White wants to play Rg2.} Ra4 (68... a4 $11) 69. Rc2+ $1 $16 Kd8 {[#]} 70. Kc6 $1 Ra3 71. Rg2 {Hoping for Rg8+.} Rc3+ 72. Kd6 {[%cal Rg2g8]} Kc8 73. Rg8+ Kb7 {[#]} 74. Kd7 (74. Rg7+ $1 $16 Kb8 75. Rg2) 74... Rc2 $11 {The position is equal.} 75. Rg1 Rxa2 76. Rb1+ Ka6 77. d6 a4 78. Kd8 Rd2 {Accuracy: White = 61%, Black = 63%.} 1/2-1/2

[Event "Chinese Chess League 2019"]
[Site "Shen Yang"]
[Date "2019.11.21"]
[Round "16.27"]
[White "Xu, Yi"]
[Black "Zou, Chen"]
[Result "1-0"]
[WhiteElo "2541"]
[BlackElo "2462"]
[Annotator "TA"]
[PlyCount "53"]
[EventDate "2019.04.09"]
[EventType "team-tourn"]
[EventCountry "CHN"]
[SourceTitle "playchess.com"]
[Source "ChessBase"]
[SourceQuality "1"]

{[%evp 14,53,30,9,24,17,29,35,39,23,16,0,0,0,3,10,20,0,35,25,83,77,104,74,116,131,152,154,152,139,140,139,585,568,658,683,653,637,557,555,508,449]} 1. e4 e5 2. Nf3 Nc6 3. Bc4 Bc5 4. O-O Nf6 5. d3 d6 6. c3 h6 7. Nbd2 O-O 8. h3 Bb6 {C54: Giuoco Piano: 4 c3 Nf6, main lines with 5 d4 and 5 d3} 9. a4 a6 10. Re1 Ne7 {White is slightly better.} 11. d4 Nc6 $146 {[%cal Re5d4]} ({Predecessor:} 11... exd4 12. cxd4 d5 13. e5 Nh5 14. Bf1 Nf4 15. a5 Ba7 {0-1 (44) Fressinet,L (2712)-Hammer,J (2665) Oslo 2015}) 12. d5 Ne7 $1 {[%cal Bc6e7,Be7g6,Bg6f4][%mdl 32]} 13. a5 Ba7 14. Bf1 Ng6 15. b4 Nf4 16. Nc4 $36 {[%mdl 2048] White has some pressure.} Nh7 (16... Ng6 $11 {keeps the balance.}) 17. Bxf4 $1 $16 exf4 18. e5 dxe5 19. Ncxe5 ({Much weaker is} 19. Nfxe5 $6 Nf6 $11) 19... Qf6 20. c4 Bf5 21. c5 Rad8 22. Bc4 Rfe8 $2 {[%mdl 8192] [#]} (22... Ng5 $16) 23. d6 $18 {White is clearly winning.} Be6 24. Bxe6 fxe6 25. d7 Re7 26. c6 bxc6 27. Qe2 {Accuracy: White = 83%, Black = 35%.} 1-0

[Event "Chinese Chess League 2019"]
[Site "Shen Yang"]
[Date "2019.11.21"]
[Round "16.28"]
[White "Grischuk, Alexander"]
[Black "Lin, Yi"]
[Result "1-0"]
[WhiteElo "2764"]
[BlackElo "2425"]
[Annotator "TA"]
[PlyCount "75"]
[EventDate "2019.04.09"]
[EventType "team-tourn"]
[EventCountry "CHN"]
[SourceTitle "playchess.com"]
[Source "ChessBase"]
[SourceQuality "1"]

{[%evp 18,75,19,11,8,11,14,4,22,14,23,20,19,25,30,22,34,41,87,78,76,39,35,32,46,20,18,16,94,94,101,104,91,94,94,85,131,90,190,175,224,200,281,177,406,406,433,442,438,432,439,431,365,328,309,259,476,501,1138,1096]} 1. g3 Nf6 2. Bg2 d5 3. Nf3 g6 4. c4 c6 5. b3 Bg7 6. Bb2 O-O 7. O-O Bg4 8. d3 Nbd7 9. Nbd2 Re8 10. h3 Bxf3 $1 {A11: English Opening: 1...c6} 11. Nxf3 e5 12. cxd5 cxd5 {The position is equal.} 13. e3 {[#]} Rc8 $146 ({Predecessor:} 13... a5 14. a3 Qb6 15. Rb1 Rad8 16. Re1 e4 17. dxe4 dxe4 18. Bd4 {½-½ (30) Bruzon Batista,L (2652)-Zherebukh,Y (2632) Saint Louis 2017}) 14. Rc1 Rxc1 15. Qxc1 Qb8 16. Qb1 Rc8 17. Rc1 Rc6 18. Rxc6 bxc6 19. Qc2 (19. Qa1 $5 {[%cal Rf3e5]}) 19... Qd6 20. a3 Ne8 21. e4 d4 22. b4 Bh6 (22... c5 $11 {remains equal.}) 23. h4 $1 $16 Nb6 24. Bh3 Nc7 25. Kg2 Bf8 26. Bc1 h5 27. Bd2 f6 (27... Ne6 $16) 28. a4 Kg7 {[#]} 29. g4 $1 Na6 (29... hxg4 {keeps fighting.} 30. Bxg4 Ne6) 30. g5 Nxb4 $2 (30... Be7 31. gxf6+ Bxf6) 31. Bxb4 $18 Qxb4 32. Qxc6 Qd6 33. Qb7+ Qe7 34. gxf6+ Kxf6 35. Qa6 Kg7 36. Ng5 {Hoping for Qb5.} Kh6 $2 (36... Nd7 {might work better.} 37. Ne6+ Kg8) 37. a5 Na4 {[#]} (37... Nd7 $142 38. Qxa7 Nc5 39. Nf7+ Kg7 40. Qxe7 Bxe7) 38. Qc4 $1 {Accuracy: White = 77%, Black = 16%.} 1-0

[Event "Chinese Chess League 2019"]
[Site "Shen Yang"]
[Date "2019.11.21"]
[Round "16.29"]
[White "Zhou, Zirun"]
[Black "Ju, Wenjun"]
[Result "1/2-1/2"]
[WhiteElo "2121"]
[BlackElo "2586"]
[Annotator "TA"]
[PlyCount "79"]
[EventDate "2019.04.09"]
[EventType "team-tourn"]
[EventCountry "CHN"]
[SourceTitle "playchess.com"]
[Source "ChessBase"]
[SourceQuality "1"]

{[%evp 17,79,8,14,-3,-16,-21,-16,-19,4,11,37,4,94,0,7,0,-10,-10,-10,-10,-10,-10,-10,-17,-10,-10,-7,-7,0,-7,0,-12,-12,-14,0,-7,0,-25,-21,-31,0,5,3,6,14,0,0,0,0,0,0,0,0,0,0,0,0,0,0,0,0,0,8,8]} 1. d4 Nf6 2. c4 e6 3. Nc3 Bb4 4. e3 O-O 5. Bd3 c5 6. Nf3 b6 7. O-O d5 8. cxd5 exd5 9. Ne5 Bb7 10. Qc2 {E53: Nimzo-Indian: Rubinstein: Main Line (4...0-0 5 Nf3 d5 6 Bd3 c5 7 0-0)} (10. Bd2 Nc6 11. a3 Bxc3 12. Bxc3 Nxe5 13. dxe5 Ne4 14. f4 Nxc3 15. bxc3 g6 16. Qg4 Qe7 17. h4 Bc8 18. Qg3 Kh8 {½-½ (92) Inarkiev,E (2690)-Jakovenko,D (2748) Satka 2018}) 10... c4 11. Bf5 g6 $146 ({Predecessor:} 11... a6 12. a3 Bxc3 13. Qxc3 Nc6 14. Nxc6 Bxc6 15. f3 b5 {0-1 (62) Vasiljev,J (2069)-Seidel,J (2010) Niederrhein 2003}) 12. Bh3 Bxc3 13. bxc3 Ne4 14. g3 f6 {[#]} (14... Re8 $11 {keeps the balance.}) 15. Nf3 ({Better is} 15. Nxg6 $1 $16 hxg6 16. f3) 15... Nd7 16. Nd2 f5 17. f3 Nxd2 18. Bxd2 Nf6 19. a4 Bc6 20. Qa2 a5 21. Bg2 Rc8 22. Rfb1 Rf7 23. Rb2 Kg7 24. Rab1 Rb7 25. Be1 h5 26. Bf2 Rcb8 27. e4 (27. g4 {with more complications.} hxg4 28. Bg3 Qe7 29. Bf4 gxf3 30. Bxf3 Kf7 31. Bxb8 Qxe3+ 32. Kg2) 27... dxe4 28. Qxc4 Qd5 (28... Rc7 {is more complex.} 29. Qe2 exf3 30. Bxf3 Bxf3 31. Qxf3 Ne4) 29. Qxd5 {The position is equal.} Bxd5 30. fxe4 Nxe4 31. Bxe4 fxe4 32. Be3 Rc8 33. Bd2 e3 34. Bxe3 Rxc3 35. Bd2 Rc4 36. Rxb6 Rxb6 37. Rxb6 Rxa4 38. Rb5 Ra2 39. Rxa5 Rxa5 40. Bxa5 {Accuracy: White = 59%, Black = 42%.} 1/2-1/2

[Event "Chinese Chess League 2019"]
[Site "Shen Yang"]
[Date "2019.11.21"]
[Round "16.30"]
[White "Zhao, Shengxin"]
[Black "Ni, Shiqun"]
[Result "*"]
[WhiteElo "2099"]
[BlackElo "2391"]
[Annotator "TA"]
[PlyCount "13"]
[EventDate "2019.04.09"]
[EventType "team-tourn"]
[EventCountry "CHN"]
[SourceTitle "playchess.com"]
[Source "ChessBase"]
[SourceQuality "1"]

{[%evp 9,13,52,191,50,108,28]} 1. d4 d5 2. c4 dxc4 3. Nf3 Nf6 4. e3 b6 (4... e6 5. Bxc4 c5 6. O-O Nc6 7. Nc3 a6 8. Re1 h6 9. d5 exd5 10. Nxd5 Ne4 11. Nc3 Nxc3 12. bxc3 Be7 13. Bd5 Bf6 14. Bxc6+ bxc6 15. Qxd8+ Kxd8 {½-½ (45) Giri,A (2780)-Xiong,J (2707) Khanty-Mansiysk 2019}) 5. Bxc4 c5 ({Better is} 5... Bb7 $14) 6. O-O {D25: Queen's Gambit Accepted: 4 e3: sidelines and 4...Bg4} (6. Ne5 $18 {[%csl Ge5][%cal Rc4f7]} Be6 7. Bb5+ (7. Bxe6 fxe6 8. O-O Nbd7 $16) 7... Nfd7 8. Qf3) 6... a6 $146 (6... e6 $1 $14) ({Predecessor:} 6... Nc6 7. Nc3 a6 8. a3 cxd4 9. exd4 Bb7 {½-½ (9) Sekulic,D (2330)-Aleksic,N (2392) Golubac 2003}) 7. Qb3 (7. dxc5 $16 Qxd1 8. Rxd1) *

[Event "Chinese Chess League 2019"]
[Site "Shen Yang"]
[Date "2019.11.21"]
[Round "16.30"]
[White "Zhao, Shengxin"]
[Black "Ni, Shiqun"]
[Result "0-1"]
[WhiteElo "2099"]
[BlackElo "2391"]
[Annotator "ChessBase"]
[PlyCount "51"]
[EventDate "2019.04.09"]
[EventType "team-tourn"]
[EventCountry "CHN"]
[SourceTitle "playchess.com"]
[Source "ChessBase"]
[SourceQuality "1"]
[TimeControl "5400+30"]

1. d4 d5 2. c4 dxc4 3. Nf3 Nf6 4. e3 e6 5. Bxc4 c5 6. O-O a6 7. Bb3 Be7 8. Nc3 Nc6 9. Qe2 O-O 10. Rd1 Qc7 11. e4 cxd4 12. Nxd4 Nxd4 13. Rxd4 b5 14. e5 Nd7 15. Bf4 Bb7 16. Bc2 Rfd8 17. Rc1 Rac8 18. Ne4 {[%emt 0:38:05]} Bxe4 {[%emt 0:38:07]} 19. Bxe4 {[%emt 0:00:30]} Qxc1+ {[%emt 0:00:30]} 20. Bxc1 {[%emt 0:00:30]} Rxc1+ {[%emt 0:00:30]} 21. Rd1 {[%emt 0:00:30]} Rxd1+ {[%emt 0:00:30]} 22. Qxd1 {[%emt 0:00:30]} Nc5 {[%emt 0:00:30]} 23. Qc2 {[%emt 0:00:30]} Nxe4 {[%emt 0:00:30]} 24. f3 {[%emt 0:00:30]} Bc5+ {[%emt 0:00:30]} 25. Kf1 {[%emt 0:00:30]} Nd2+ {[%emt 0:00:30]} 26. Ke1 {[%emt 0:00:30]} 0-1